OUTLINES OF TUDOR AND STUART PLAYS 1497-1642 (Record no. 568097)
[ view plain ]
| 000 -LEADER | |
|---|---|
| fixed length control field | 00274nam a22001097a 4500 |
| 082 ## - DEWEY DECIMAL CLASSIFICATION NUMBER | |
| Classification number | 808.2 HOL'O |
| 100 ## - MAIN ENTRY--PERSONAL NAME | |
| Personal name | HOLGKNECHT, KARL J |
| 9 (RLIN) | 57848 |
| 245 ## - TITLE STATEMENT | |
| Title | OUTLINES OF TUDOR AND STUART PLAYS 1497-1642 |
| 260 ## - PUBLICATION, DISTRIBUTION, ETC. | |
| Place of publication, distribution, etc. | NEWYORK |
| Name of publisher, distributor, etc. | BARNES & NOBLE |
| Date of publication, distribution, etc. | 1952 |
| 300 ## - PHYSICAL DESCRIPTION | |
| Extent | 442P |
| 942 ## - ADDED ENTRY ELEMENTS (KOHA) | |
| Koha item type | Book |
| Withdrawn status | Lost status | Damaged status | Not for loan | Permanent Location | Current Location | Shelving location | Date acquired | Total Checkouts | Full call number | Barcode | Date last seen | Price effective from | Koha item type |
|---|---|---|---|---|---|---|---|---|---|---|---|---|---|
| College of Electrical & Mechanical Engineering (CEME) | College of Electrical & Mechanical Engineering (CEME) | General Stacks | 07/14/2017 | 808.2 HOL'O | CEME-3710 | 06/28/2021 | 06/28/2021 | Book |
